Cluny : De l’abbaye à l’ordre clunisien, Xe-XVIIIe siècle (notice n° 2186730)
[ vue normale ]
| 000 -LEADER | |
|---|---|
| fixed length control field | 01824cam a2200145 4500500 |
| 005 - DATE AND TIME OF LATEST TRANSACTION | |
| control field | 20260405064251.0 |
| 041 ## - LANGUAGE CODE | |
| Language code of text/sound track or separate title | fre |
| 042 ## - AUTHENTICATION CODE | |
| Authentication code | dc |
| 100 10 - MAIN ENTRY--PERSONAL NAME | |
| Personal name | Hurel, Daniel-Odon |
| Relator term | author |
| 245 00 - TITLE STATEMENT | |
| Title | Cluny : De l’abbaye à l’ordre clunisien, Xe-XVIIIe siècle |
| 260 ## - PUBLICATION, DISTRIBUTION, ETC. | |
| Name of publisher, distributor, etc. | Armand Colin,<br/> |
| Date of publication, distribution, etc. | 2010.<br/> |
| 520 ## - SUMMARY, ETC. | |
| Summary, etc. | Cluny, c’est à la fois une abbaye, l’une des plus somptueuses qui fut, avec la plus vaste église de la Chrétienté médiévale, et un ordre monastique, l’ordre clunisien, d’un éclat et d’une puissance sans pareils. Moins de deux siècles après sa fondation en 909 ou 910, Cluny commande un réseau de plus d’un millier de prieurés disséminés dans toute l’Europe occidentale et fait de son abbé l’un des personnages les plus éminents de la Chrétienté.Mais toute médaille a son revers: le système clunisien tarde à se structurer. Concurrencé par de nouvelles formes de vie religieuse, en proie à des diffi cultés économiques, Cluny perd sa prééminence. Au xiie siècle, renouant avec l’austérité bénédictine, l’ordre commence à décliner jusqu’à sa disparition dans la tourmente révolutionnaire. L’une des forces du présent livre est de rendre justice au Cluny d’après la période des grands fastes, longtemps négligé par les historiens.À cette année 2010 où l’on célèbre le 1100e anniversaire de la fondation de Cluny, il fallait un livre. Le voici, croisant les disciplines, histoire, littérature, histoire de l’art, architecture, mais aussi liturgie et spiritualité: c’est une formidable synthèse des travaux les plus récents sur ce monument incomparable de notre histoire nationale et européenne. |
| 700 10 - ADDED ENTRY--PERSONAL NAME | |
| Personal name | Riche, Denyse |
| Relator term | author |
| 856 41 - ELECTRONIC LOCATION AND ACCESS | |
| Uniform Resource Identifier | <a href="https://shs.cairn.info/cluny--9782200351069?lang=fr&redirect-ssocas=7080">https://shs.cairn.info/cluny--9782200351069?lang=fr&redirect-ssocas=7080</a> |
Pas d'exemplaire disponible.




Réseaux sociaux